[Event "SVK-ch U18/20 Girls"]
[Site "Tatralandia"]
[Date "2024.04.12"]
[Round "9"]
[White "Carnecka, Stella"]
[Black "Striskova, Lucia"]
[Result "0-1"]
[WhiteElo "1806"]
[BlackElo "1884"]
[PlyCount "86"]
[EventDate "2024.04.05"]
[EventType "swiss"]
[EventRounds "9"]
[EventCountry "SVK"]
[SourceTitle "CB16_2024"]
[SourceDate "2024.04.17"]
[SourceVersion "1"]
[SourceVersionDate "2024.04.17"]
[SourceQuality "1"]

1. c4 e5 2. Nc3 Nf6 3. g3 c6 4. Bg2 d5 5. cxd5 cxd5 6. d3 Bc5 7. Nf3 d4 8. Ne4 Nxe4 9. dxe4 Nc6 10. 0-0 0-0 11. a3 a5 12. Qc2 Bb6 13. Rd1 Bg4 14. Ne1 Rc8 15. Qd2 a4 16. f3 Be6 17. Nd3 Na5 18. Qe1 Bb3 19. Bh3 Ra8 20. Bd2 Bxd1 21. Rxd1 Re8 22. Rc1 Nb3 23. Rc2 Ba5 24. Bxa5 Rxa5 25. Rc8 Qe7 26. Qb4 Qxb4 27. Rxe8+ Qf8 28. Rxf8+ Kxf8 29. Bc8 b6 30. Kf2 Ke7 31. Bb7 Nc5 32. Bc6 Nxd3+ 33. exd3 f6 34. f4 Kd6 35. Be8 Ra8 36. Bb5 Kc5 37. Bc4 b5 38. Bd5 Rb8 39. Kf3 b4 40. Kg4 bxa3 41. bxa3 Rb3 42. Kf5 Rxa3 43. Bc4 Rc3 0-1

[Event "Prague op 22nd"]
[Site "Prague"]
[Date "2024.01.06"]
[Round "2"]
[White "Striskova, Lucia"]
[Black "Neuman, Petr"]
[Result "0-1"]
[WhiteElo "1975"]
[BlackElo "2398"]
[PlyCount "132"]
[EventDate "2024.01.05"]
[EventType "swiss"]
[EventRounds "9"]
[EventCountry "CZE"]
[SourceTitle "CB03_2024"]
[SourceDate "2024.01.17"]
[SourceVersion "1"]
[SourceVersionDate "2024.01.17"]
[SourceQuality "1"]

1. e4 c5 2. Nf3 d6 3. d4 cxd4 4. Nxd4 Nf6 5. Nc3 Nc6 6. Bc4 Bd7 7. Be3 Ng4 8. Nxc6 bxc6 9. Qf3 Ne5 10. Qe2 Nxc4 11. Qxc4 e6 12. 0-0 Be7 13. Qd4 0-0 14. e5 d5 15. Na4 Qc7 16. f4 Rfb8 17. Nc5 Bxc5 18. Qxc5 Rb5 19. Qc3 c5 20. a4 Rb4 21. Qxc5 Qxc5 22. Bxc5 Rxb2 23. c3 a6 24. a5 Rab8 25. Rad1 R8b3 26. Bb4 Bb5 27. Rf2 Rxf2 28. Kxf2 Rb2+ 29. Kg1 h5 30. h3 Ra2 31. Rd4 Kh7 32. f5 exf5 33. Rf4 Bd3 34. Rf2 Ra1+ 35. Kh2 g5 36. h4 g4 37. Kg3 Kg6 38. Rb2 Rf1 39. Rf2 Re1 40. Bd6 Be4 41. Kf4 Rg1 42. Kg3 f4+ 43. Kxf4 Bxg2 44. Rb2 Be4 45. Bc5 Rf1+ 46. Bf2 Bf5 47. Ke3 Rh1 48. Kf4 Rh2 49. Rb6+ Be6 50. Kg3 Rh3+ 51. Kg2 Rxc3 52. Rxa6 Ra3 53. Ra8 Kf5 54. a6 Ke4 55. a7 d4 56. Rd8 Bd5 57. Rd7 Kxe5+ 58. Kf1 f5 59. Bg3+ Ke4 60. Re7+ Kf3 61. Be1 Ra1 62. Re5 Be4 63. Ra5 Bd3+ 64. Kg1 Rxe1+ 65. Kh2 g3+ 66. Kh3 Rh1# 0-1

[Event "Wch U18 Girls"]
[Site "Montesilvano"]
[Date "2023.11.24"]
[Round "11"]
[White "Wisniowski, Natalie"]
[Black "Striskova, Lucia"]
[Result "1-0"]
[WhiteElo "1901"]
[BlackElo "2039"]
[PlyCount "41"]
[EventDate "2023.11.13"]
[EventType "swiss"]
[EventRounds "11"]
[EventCountry "ITA"]
[SourceTitle "CB48_2023"]
[SourceDate "2023.11.29"]
[SourceVersion "1"]
[SourceVersionDate "2023.11.29"]
[SourceQuality "1"]

1. d4 Nf6 2. c4 g6 3. Nc3 Bg7 4. e4 d6 5. h3 0-0 6. Be3 e5 7. d5 a6 8. g4 Nbd7 9. Qd2 Nc5 10. f3 Bd7 11. Nge2 b5 12. b4 Nb7 13. Ng3 bxc4 14. Bxc4 c5 15. dxc6 Bxc6 16. h4 Kh8 17. h5 Ne8 18. hxg6 fxg6 19. Rxh7+ Kxh7 20. Qh2+ Bh6 21. Qxh6# 1-0

[Event "Wch U18 Girls"]
[Site "Montesilvano"]
[Date "2023.11.20"]
[Round "7"]
[White "Skarbarchuk, Tetyana"]
[Black "Striskova, Lucia"]
[Result "1-0"]
[WhiteElo "2010"]
[BlackElo "2039"]
[PlyCount "51"]
[EventDate "2023.11.13"]
[EventType "swiss"]
[EventRounds "11"]
[EventCountry "ITA"]
[SourceTitle "CB48_2023"]
[SourceDate "2023.11.29"]
[SourceVersion "1"]
[SourceVersionDate "2023.11.29"]
[SourceQuality "1"]

1. d4 d5 2. c4 e6 3. Nc3 c5 4. cxd5 exd5 5. Nf3 Nc6 6. e3 c4 7. Be2 Bb4 8. 0-0 Nf6 9. Ne5 0-0 10. Nxc6 bxc6 11. Qc2 Qc7 12. b3 cxb3 13. axb3 Bd6 14. h3 Re8 15. Ba3 Bh2+ 16. Kh1 Ne4 17. Nxe4 Rxe4 18. Rfc1 Bd7 19. Bf3 Rh4 20. Bxd5 Qc8 21. Bxc6 Bxh3 22. Bxa8 Qxa8 23. Qc6 Qd8 24. gxh3 Rxh3 25. Qc8 Bc7+ 26. Qxh3 1-0

[Event "Wch U18 Girls"]
[Site "Montesilvano"]
[Date "2023.11.18"]
[Round "6"]
[White "Striskova, Lucia"]
[Black "Belattar, Ines"]
[Result "1-0"]
[WhiteElo "2039"]
[BlackElo "1623"]
[PlyCount "63"]
[EventDate "2023.11.13"]
[EventType "swiss"]
[EventRounds "11"]
[EventCountry "ITA"]
[SourceTitle "CB48_2023"]
[SourceDate "2023.11.29"]
[SourceVersion "1"]
[SourceVersionDate "2023.11.29"]
[SourceQuality "1"]

1. e4 d5 2. exd5 Nf6 3. d4 Nxd5 4. c4 Nb6 5. Nf3 g6 6. Nc3 Bg7 7. c5 Nd5 8. Bc4 c6 9. Qb3 0-0 10. 0-0 Nxc3 11. bxc3 Bg4 12. Ng5 e6 13. f3 Bf5 14. g4 Bd3 15. Bxd3 Bxd4+ 16. cxd4 Qxd4+ 17. Kg2 Rd8 18. Be2 Na6 19. Be3 Nxc5 20. Bxd4 Nxb3 21. axb3 Rxd4 22. Rfd1 Rd5 23. Ne4 Kg7 24. Bc4 Rxd1 25. Rxd1 b5 26. Be2 a5 27. Rc1 Ra6 28. Nc5 Ra7 29. Ra1 Kf6 30. Kf2 Ke5 31. Ke3 Kd5 32. Ne4 1-0

[Event "Bratislava exe op"]
[Site "Bratislava"]
[Date "2023.09.19"]
[Round "5"]
[White "Striskova, Lucia"]
[Black "Baidetsky, Valentin"]
[Result "0-1"]
[WhiteElo "1926"]
[BlackElo "2485"]
[PlyCount "58"]
[EventDate "2023.09.15"]
[EventType "swiss"]
[EventRounds "9"]
[EventCountry "SVK"]
[SourceTitle "EXT 2024"]
[Source "ChessBase"]
[SourceDate "2023.10.10"]
[SourceVersion "1"]
[SourceVersionDate "2023.10.10"]
[SourceQuality "1"]

1. e4 e6 2. d4 d5 3. Nc3 Nf6 4. Bg5 dxe4 5. Nxe4 Nbd7 6. Nf3 Be7 7. Nxf6+ Bxf6 8. Bf4 c5 9. dxc5 Bxb2 10. Rb1 Bc3+ 11. Nd2 Nxc5 12. Bb5+ Bd7 13. 0-0 Bxd2 14. Bxd2 Bxb5 15. Rxb5 Ne4 16. Qe2 Nxd2 17. Rd1 0-0 18. Rxd2 Qc7 19. g3 Rfd8 20. Rxd8+ Rxd8 21. Qe4 b6 22. Rh5 g6 23. Rh6 Qc5 24. Rh4 e5 25. Qb7 Rd2 26. Qa8+ Kg7 27. Qf3 Rxc2 28. g4 Rc1+ 29. Kg2 Qc6 0-1

[Event "SVK-chB op"]
[Site "Bratislava"]
[Date "2023.07.06"]
[Round "6"]
[White "Striskova, Lucia"]
[Black "Harvan, Tomas"]
[Result "1-0"]
[WhiteElo "1962"]
[BlackElo "1851"]
[PlyCount "99"]
[EventDate "2023.07.01"]
[EventType "swiss"]
[EventRounds "9"]
[EventCountry "SVK"]
[SourceTitle "CBM 215 Extra"]
[Source "ChessBase"]
[SourceDate "2023.09.30"]
[SourceVersion "1"]
[SourceVersionDate "2023.09.30"]
[SourceQuality "1"]

1. e4 c6 2. d4 d5 3. Nc3 dxe4 4. Nxe4 Nf6 5. Nxf6+ exf6 6. c3 Bd6 7. Bd3 0-0 8. Qc2 Re8+ 9. Ne2 h5 10. Be3 Nd7 11. 0-0-0 Nf8 12. Ng3 Qa5 13. Kb1 Be6 14. c4 b5 15. b3 h4 16. c5 hxg3 17. cxd6 gxf2 18. Bxf2 Bd5 19. Bg3 Ne6 20. Qb2 Ng5 21. Rhe1 Be4 22. Qc2 Bxd3 23. Rxe8+ Rxe8 24. Rxd3 Qb6 25. d5 c5 26. d7 Re7 27. d8Q+ Qxd8 28. Qxc5 Ne4 29. Qxb5 Rd7 30. Qb8 Nxg3 31. Qxd8+ Rxd8 32. hxg3 Kf8 33. Kc2 Ke7 34. Kc3 Kd6 35. Kd4 Rc8 36. Rc3 Rxc3 37. Kxc3 Kxd5 38. Kb4 Kd4 39. Kb5 Ke3 40. Ka6 Kf2 41. Kxa7 Kxg2 42. b4 Kxg3 43. b5 f5 44. b6 f4 45. b7 f3 46. b8Q+ Kg2 47. Qb7 g5 48. Qe4 Kg3 49. Qe5+ Kg4 50. Qf6 1-0

[Event "SVK-ch U18 Girls"]
[Site "Dudince"]
[Date "2023.04.16"]
[Round "1"]
[White "Striskova, Lucia"]
[Black "Fajtakova, Silvia"]
[Result "1-0"]
[WhiteElo "2020"]
[BlackElo "1589"]
[PlyCount "61"]
[EventDate "2023.04.16"]
[EventType "swiss"]
[EventRounds "9"]
[EventCountry "SVK"]
[SourceTitle "CBM 213 Extra"]
[Source "ChessBase"]
[SourceDate "2023.05.31"]
[SourceVersion "1"]
[SourceVersionDate "2023.05.31"]
[SourceQuality "1"]

1. e4 e6 2. d4 d5 3. Nc3 dxe4 4. Nxe4 Nd7 5. Nf3 Ngf6 6. Bg5 Be7 7. Nxf6+ Nxf6 8. Bd3 0-0 9. Qe2 c5 10. 0-0-0 cxd4 11. h4 Qc7 12. Kb1 a5 13. Bxf6 Bxf6 14. Bxh7+ Kxh7 15. Ng5+ Kg8 16. Qh5 Rd8 17. f4 Ra6 18. g4 Rb6 19. Rd3 Rc6 20. Qh7+ Kf8 21. Nh3 g6 22. h5 b6 23. g5 e5 24. gxf6 Rxf6 25. hxg6 Rxg6 26. Qh8+ Ke7 27. Qh4+ Kf8 28. fxe5 Bf5 29. Nf4 Rc6 30. Qg5 Bg6 31. Rh8+ 1-0

[Event "SVK-chT1W 2223"]
[Site "Slovakia"]
[Date "2023.02.05"]
[Round "9.4"]
[White "Striskova, Lucia"]
[Black "Kovac, Andrej"]
[Result "1-0"]
[WhiteElo "2002"]
[BlackElo "2229"]
[PlyCount "51"]
[EventDate "2022.10.15"]
[EventType "team-tourn"]
[EventRounds "11"]
[EventCountry "SVK"]
[SourceTitle "EXT 2024"]
[Source "ChessBase"]
[SourceDate "2023.10.10"]
[SourceVersion "1"]
[SourceVersionDate "2023.10.10"]
[SourceQuality "1"]
[WhiteTeam "Bratislava KSN"]
[BlackTeam "Bratislava Slovan II"]
[WhiteTeamCountry "SVK"]
[BlackTeamCountry "SVK"]

1. e4 e6 2. d4 d5 3. Nc3 Bb4 4. e5 c5 5. a3 Bxc3+ 6. bxc3 Ne7 7. Qg4 Qc7 8. Qxg7 Rg8 9. Qxh7 cxd4 10. Ne2 Nbc6 11. f4 Bd7 12. Qd3 dxc3 13. Qxc3 0-0-0 14. Rb1 Nf5 15. Rg1 Kb8 16. g4 Rc8 17. gxf5 Rh8 18. h3 exf5 19. Be3 Na5 20. Qxc7+ Rxc7 21. e6 fxe6 22. Bd4 Rhc8 23. Be5 Nc4 24. Bxc7+ Rxc7 25. Rg8+ Bc8 26. Rb3 1-0

[Event "SVK-chT1W 2223"]
[Site "Slovakia"]
[Date "2023.02.04"]
[Round "8.5"]
[White "Striskova, Lucia"]
[Black "Kolcak, Marek"]
[Result "1-0"]
[WhiteElo "2002"]
[BlackElo "2055"]
[PlyCount "71"]
[EventDate "2022.10.15"]
[EventType "team-tourn"]
[EventRounds "11"]
[EventCountry "SVK"]
[SourceTitle "EXT 2024"]
[Source "ChessBase"]
[SourceDate "2023.10.10"]
[SourceVersion "1"]
[SourceVersionDate "2023.10.10"]
[SourceQuality "1"]
[WhiteTeam "Bratislava KSN"]
[BlackTeam "Bratislava Slovan III"]
[WhiteTeamCountry "SVK"]
[BlackTeamCountry "SVK"]

1. e4 e6 2. d4 d5 3. Nc3 Bb4 4. e5 c5 5. a3 Bxc3+ 6. bxc3 Ne7 7. Qg4 Qc7 8. Qxg7 Rg8 9. Qxh7 cxd4 10. Ne2 Nbc6 11. f4 dxc3 12. Qd3 d4 13. Rb1 Nf5 14. Rg1 b6 15. g4 Nh4 16. Qh7 Nf3+ 17. Kf2 Rg6 18. Kxf3 Bb7 19. Kf2 0-0-0 20. Qh3 Ba6 21. Rg3 d3 22. cxd3 c2 23. Rb3 Kb8 24. Rc3 Qd7 25. Rxc2 f6 26. exf6 Rxf6 27. Rf3 e5 28. f5 e4 29. dxe4 Qd1 30. Bf4+ Ka8 31. Rc1 Qa4 32. Nc3 Qxa3 33. Nd5 Qb2+ 34. Kg3 Bxf1 35. Qxf1 Rh8 36. Qf2 1-0

[Event "SVK-chT2B 2223"]
[Site "Slovakia"]
[Date "2022.11.27"]
[Round "6.4"]
[White "Kutny, Marian"]
[Black "Striskova, Lucia"]
[Result "0-1"]
[WhiteElo "1967"]
[BlackElo "1787"]
[PlyCount "106"]
[EventDate "2022.10.08"]
[EventType "team-tourn"]
[EventRounds "11"]
[EventCountry "SVK"]
[SourceTitle "EXT 2024"]
[Source "ChessBase"]
[SourceDate "2023.10.10"]
[SourceVersion "1"]
[SourceVersionDate "2023.10.10"]
[SourceQuality "1"]
[WhiteTeam "Belusa"]
[BlackTeam "Nemsova Horne Srnie"]
[WhiteTeamCountry "SVK"]
[BlackTeamCountry "SVK"]

1. d4 Nf6 2. c4 g6 3. Nc3 Bg7 4. e4 d6 5. Nf3 0-0 6. Be2 e5 7. d5 a5 8. 0-0 Na6 9. Be3 Ng4 10. Bg5 f6 11. Bd2 f5 12. Bg5 Qe8 13. h3 Nf6 14. exf5 gxf5 15. Qd2 f4 16. Bxf6 Rxf6 17. Ne4 Rg6 18. Kh2 Bf5 19. Bd3 Bd7 20. Neg5 Rh6 21. Qc2 Qh5 22. Bxh7+ Rxh7 23. Qxh7+ Qxh7 24. Nxh7 Kxh7 25. Ng5+ Kg6 26. Ne4 Bf5 27. f3 b6 28. Rae1 Rh8 29. a3 Bf6 30. Nxf6 Kxf6 31. Rf2 Nc5 32. Rd2 Nb3 33. Rf2 a4 34. Rd1 Na5 35. Rc1 Bd3 36. Rd2 Nb3 37. Rxd3 Nxc1 38. Rc3 Nb3 39. Kg1 Kg5 40. Kf2 Kh4 41. Rc2 Ra8 42. Re2 Nd4 43. Re1 Ra5 44. Rc1 Rc5 45. Rc3 b5 46. cxb5 Rxc3 47. bxc3 Nxb5 48. c4 Nxa3 49. Ke2 Nxc4 50. Kd3 Nb6 51. Kc3 Nxd5+ 52. Kc4 a3 53. Kb3 Ne3 0-1

[Event "SVK-chT2B 2223"]
[Site "Slovakia"]
[Date "2022.11.13"]
[Round "4.2"]
[White "Domany, Zsofia"]
[Black "Striskova, Lucia"]
[Result "1-0"]
[WhiteElo "2175"]
[BlackElo "1787"]
[PlyCount "111"]
[EventDate "2022.10.08"]
[EventType "team-tourn"]
[EventRounds "11"]
[EventCountry "SVK"]
[SourceTitle "EXT 2024"]
[Source "ChessBase"]
[SourceDate "2023.10.10"]
[SourceVersion "1"]
[SourceVersionDate "2023.10.10"]
[SourceQuality "1"]
[WhiteTeam "Batorove Kosihy"]
[BlackTeam "Nemsova Horne Srnie"]
[WhiteTeamCountry "SVK"]
[BlackTeamCountry "SVK"]

1. e4 c5 2. Nf3 d6 3. d4 cxd4 4. Nxd4 Nf6 5. Nc3 a6 6. Be3 e5 7. Nb3 Be7 8. f3 Be6 9. Qd2 0-0 10. 0-0-0 Nbd7 11. g4 b5 12. Kb1 b4 13. Na4 a5 14. g5 Nh5 15. Qf2 Rb8 16. h4 Qc7 17. Nc1 Qc6 18. b3 Rbc8 19. Rh2 d5 20. exd5 Bxd5 21. Bh3 Be6 22. Bg4 Nf4 23. Bxf4 exf4 24. Qd4 Nc5 25. Nxc5 Bxc5 26. Qxf4 a4 27. Re2 axb3 28. cxb3 Bxg4 29. Qxg4 Be3 30. Qe4 Qxe4+ 31. fxe4 Bxc1 32. Rxc1 f6 33. Rxc8 Rxc8 34. Rc2 Rb8 35. gxf6 gxf6 36. Rc7 Rb5 37. Kc2 Ra5 38. Kb2 Rb5 39. Rd7 Rh5 40. Rd4 Rxh4 41. Rxb4 Rh2+ 42. Kb1 Rh1+ 43. Kb2 Rh2+ 44. Ka3 h5 45. Rc4 h4 46. b4 h3 47. Rc1 Rg2 48. Rh1 h2 49. b5 Re2 50. b6 Re3+ 51. Kb4 Rxe4+ 52. Ka5 Re5+ 53. Ka6 Re2 54. a4 Kf7 55. b7 Rb2 56. a5 1-0

[Event "Kezmarok op"]
[Site "Kezmarok"]
[Date "2022.10.01"]
[Round "9"]
[White "Striskova, Lucia"]
[Black "Straka, Simon"]
[Result "1-0"]
[WhiteElo "1866"]
[BlackElo "1732"]
[PlyCount "111"]
[EventDate "2022.09.24"]
[EventType "swiss"]
[EventRounds "9"]
[EventCountry "SVK"]
[SourceTitle "CBM 210 Extra"]
[Source "ChessBase"]
[SourceDate "2022.11.30"]
[SourceVersion "1"]
[SourceVersionDate "2022.11.30"]
[SourceQuality "1"]

1. Nf3 Nf6 2. g3 g6 3. Bg2 Bg7 4. c4 c5 5. 0-0 Nc6 6. d4 cxd4 7. Nxd4 0-0 8. Nc3 Nxd4 9. Qxd4 d6 10. Qd3 Rb8 11. b3 b6 12. Bb2 Nd7 13. e4 Nc5 14. Qc2 Bb7 15. Rae1 f5 16. exf5 Bxg2 17. Kxg2 Rxf5 18. Nd5 e5 19. f4 Nd7 20. fxe5 Rxf1 21. Rxf1 Nxe5 22. Qf2 Rb7 23. Bxe5 Bxe5 24. Qf3 Rd7 25. Ne3 Kg7 26. Ng4 Qe7 27. Re1 Qg5 28. h4 Qe7 29. Qd5 Qf7 30. Qxf7+ Kxf7 31. Rxe5 h5 32. Re4 hxg4 33. Rxg4 Re7 34. Kf3 Re5 35. Rf4+ Kg7 36. Rd4 Re6 37. Re4 Rf6+ 38. Ke3 a5 39. Re7+ Kh6 40. g4 Rf1 41. Kd3 Ra1 42. a4 Rd1+ 43. Kc3 Rc1+ 44. Kd2 Rg1 45. Rb7 Rxg4 46. Rxb6 Rd4+ 47. Kc3 Rxh4 48. Rxd6 Rh3+ 49. Rd3 Rh5 50. b4 axb4+ 51. Kxb4 g5 52. a5 g4 53. a6 Kg6 54. a7 Rh8 55. Ra3 Ra8 56. Kb5 1-0

[Event "Wch U16 Girls"]
[Site "Mamaia"]
[Date "2022.09.08"]
[Round "3"]
[White "Striskova, Lucia"]
[Black "Shaban, Aliaksandra"]
[Result "1/2-1/2"]
[WhiteElo "1866"]
[BlackElo "1547"]
[PlyCount "117"]
[EventDate "2022.09.06"]
[EventType "swiss"]
[EventRounds "11"]
[EventCountry "ROU"]
[SourceTitle "CBM 210 Extra"]
[Source "ChessBase"]
[SourceDate "2022.11.30"]
[SourceVersion "1"]
[SourceVersionDate "2022.11.30"]
[SourceQuality "1"]

1. e4 c6 2. d4 d5 3. Nc3 dxe4 4. Nxe4 Nf6 5. Nxf6+ exf6 6. c3 Bd6 7. Bd3 0-0 8. Qc2 h5 9. Ne2 Re8 10. 0-0 Qc7 11. h3 Nd7 12. Bd2 Nf8 13. Rfe1 Be6 14. c4 Qd7 15. h4 Bc7 16. Rad1 Bg4 17. Be3 Ba5 18. Rf1 Bb6 19. Rd2 Kh8 20. a3 Rad8 21. c5 Bc7 22. b4 Qe7 23. Re1 Ne6 24. Bf5 Bxf5 25. Qxf5 g6 26. Qh3 Ng7 27. Nc3 Nf5 28. d5 Qe5 29. Rd3 cxd5 30. f4 Qe6 31. Bf2 Qc6 32. Rxe8+ Qxe8 33. Rxd5 Bxf4 34. Qf3 Rxd5 35. Qxd5 Qe7 36. b5 Kg7 37. a4 Be3 38. Ne4 Qc7 39. Bxe3 Nxe3 40. Qd6 Qa5 41. Qxf6+ Kg8 42. Qc3 Qxc3 43. Nxc3 Nf5 44. Kf2 Kf8 45. g3 Ke7 46. Kf3 Ke6 47. Kf4 Nd4 48. Ne4 Kd5 49. Nd6 Ne6+ 50. Ke3 Nxc5 51. Nxf7 Ke6 52. Nd8+ Ke7 53. Kd4 Nb3+ 54. Kc3 Kxd8 55. Kxb3 Kc7 56. Kc4 Kd6 57. a5 b6 58. axb6 axb6 59. Kd4 1/2-1/2

[Event "Skalica op-A"]
[Site "Skalica"]
[Date "2022.08.22"]
[Round "3"]
[White "Striskova, Lucia"]
[Black "Novkovic, Julia"]
[Result "0-1"]
[WhiteElo "1864"]
[BlackElo "2077"]
[PlyCount "96"]
[EventDate "2022.08.20"]
[EventType "swiss"]
[EventRounds "9"]
[EventCountry "SVK"]
[SourceTitle "CBM 209 Extra"]
[Source "ChessBase"]
[SourceDate "2022.09.30"]
[SourceVersion "1"]
[SourceVersionDate "2022.09.30"]
[SourceQuality "1"]

1. e4 e5 2. Nf3 Nc6 3. d4 exd4 4. Nxd4 Nf6 5. Nc3 Bb4 6. Nxc6 bxc6 7. Bd3 d6 8. 0-0 Be6 9. Na4 Nd7 10. Be3 0-0 11. a3 Ba5 12. Qh5 Bb6 13. Nxb6 axb6 14. Bg5 Qe8 15. Qh4 f5 16. exf5 Bxf5 17. Rae1 Qg6 18. Re3 Bxd3 19. cxd3 h6 20. Be7 Rf7 21. Rfe1 Ne5 22. f4 Nxd3 23. Rf1 Qf5 24. Kh1 Re8 25. Qg3 Nc5 26. Bh4 Ne4 27. Qf3 d5 28. g4 Qd7 29. Qe2 Qe6 30. Qg2 d4 31. Ree1 Qd5 32. f5 d3 33. Rd1 c5 34. Rfe1 c4 35. Re3 c6 36. Rde1 d2 37. Rd1 Ng3+ 38. Bxg3 Rxe3 39. Rxd2 Rd3 40. Re2 Rd1+ 41. Be1 Kf8 42. Kg1 Qd4+ 43. Kh1 Qd3 44. Re6 Re7 45. Qf2 Qb1 46. Rxe7 Kxe7 47. f6+ gxf6 48. Qe3+ Kf7 0-1